| 000 | 00467cam a22001097a 4500 | ||
|---|---|---|---|
| 008 | 180718b1963 xxu||||| |||| 00| 0 eng d | ||
| 082 | _aK32x42 Un3h | ||
| 245 |
_aReport of teh committee of inquiry into the recruitment, training and promation of adminstrative and clerical staff in the hospital service _cby Ministry of Health, United Kingdom |
||
| 260 |
_aLondon _bHer Majesty's Stationery Office _c1963 |
||
| 300 | _a64+p. | ||
| 700 | _aUnited Kingdom. Ministry of Health | ||
| 999 |
_c499930 _d499930 |
||